| 000 | 00422nam a22001577a 4500 | ||
|---|---|---|---|
| 999 |
_c17025 _d17025 |
||
| 008 | 180723b xxu||||| |||| 00| 0 eng d | ||
| 020 | _a1859414605 | ||
| 050 | _aKF411 .M39 1999 c.1 | ||
| 100 | _aMayss, Abla | ||
| 245 |
_aPrinciples of Conflict of Laws _cAbla Mayss |
||
| 250 | _a3rd ed. | ||
| 260 |
_aLondon _bCavendish Publishing _c1999 |
||
| 300 | _axliii, 464p. | ||
| 650 | _aConflict of Laws | ||
| 942 |
_2lcc _cBK |
||